| 000 | 00444nam a2200157Ia 4500 | ||
|---|---|---|---|
| 003 | GCL | ||
| 008 | 140319s9999 xx 000 0 eng d | ||
| 040 |
_aGCL / _cGCL |
||
| 082 | 0 | 4 |
_a005.3 _bC N |
| 100 | 1 | _aCLARKE, DAVID | |
| 245 | 1 | 0 |
_aNOVELL S CNA STUDY GUIDE: ( INCLUDE TWO 3.5 FLOPPY DISKS ) / _cCLARKE, DAVID |
| 260 |
_a[S.N] : _bNOVELL PRESS ، _c1993 |
||
| 300 | _a824 P | ||
| 650 | 0 | 4 | _aCOMPUTER NETWORK ARCHITECTURES |
| 942 |
_2ddc _cBK |
||
| 999 |
_c17184 _d17184 |
||